[Event "XXVI Festival A"]
[Site "Porto San Giorgio ITA"]
[Date "2015.08.28"]
[Round "7"]
[White "Giancotti, Eraldo"]
[Black "Marsili, Riccardo"]
[WhiteElo "2083"]
[BlackElo "2194"]
[Result "1-0"]
[PlyCount "83"]
[EventDate "2015.08.22"]

1. d4 Nf6 2. Nf3 e6 3. Bf4 c5 4. e3 b6 5. Nbd2 Bb7 6. Bd3 Nc6 7. c3 Be7 8. h3
O-O 9. O-O d5 10. Ne5 Nd7 11. Qh5 f5 12. Nxd7 Qxd7 13. Nf3 c4 14. Bc2 b5 15.
Ne5 Nxe5 16. Bxe5 b4 17. g4 bxc3 18. gxf5 exf5 19. bxc3 Bd6 20. f4 Bxe5 21.
fxe5 g6 22. Qg5 Kh8 23. Rab1 Bc6 24. Rb2 f4 25. Qh6 f3 26. Kh2 Rf7 27. Bd1 Raf8
28. Rxf3 Rxf3 29. Bxf3 Qe7 30. Bd1 Kg8 31. Bg4 Qf7 32. Rg2 Qf1 33. Qh4 Qc1 34.
Qe7 Rf1 35. Qd8+ Kg7 36. Qe7+ Kh6 37. Qh4+ Kg7 38. Rf2 Rh1+ 39. Kg2 Rg1+ 40.
Kf3 Qd1+ 41. Kf4 Qd3 42. Qf6+ 1-0

[Event "XXVI Festival A"]
[Site "Porto San Giorgio ITA"]
[Date "2015.08.28"]
[Round "7"]
[White "Gilevych, Artem"]
[Black "Viviani, Alessio"]
[WhiteElo "2409"]
[BlackElo "2273"]
[Result "1-0"]
[PlyCount "55"]
[EventDate "2015.08.22"]

1. d4 Nf6 2. c4 g6 3. Nc3 d5 4. Bg5 Bg7 5. Bxf6 Bxf6 6. cxd5 c6 7. e4 O-O 8. e5
Bg7 9. Bc4 b5 10. Bb3 b4 11. Nce2 cxd5 12. h4 f6 13. h5 fxe5 14. dxe5 e6 15.
hxg6 Bxe5 16. Nf3 Bxb2 17. gxh7+ Kh8 18. Nh4 Rf6 19. Nf4 Bc3+ 20. Kf1 Ba6+ 21.
Kg1 Qe8 22. Qg4 Rxf4 23. Ng6+ Qxg6 24. Qxg6 Nd7 25. Rd1 Nf6 26. Rh3 Rg4 27. Qh6
Be2 28. Rxc3 1-0

[Event "XXVI Festival A"]
[Site "Porto San Giorgio ITA"]
[Date "2015.08.28"]
[Round "7"]
[White "Rinaudo, Sergio"]
[Black "Lantini, Marco"]
[WhiteElo "2087"]
[BlackElo "2115"]
[Result "1/2-1/2"]
[PlyCount "72"]
[EventDate "2015.08.22"]

1. d4 Nf6 2. Nf3 d5 3. c4 e6 4. Nc3 Nbd7 5. cxd5 exd5 6. Bf4 c6 7. e3 Be7 8. h3
Nf8 9. Bd3 Ne6 10. Bg3 g6 11. O-O Ng7 12. a3 Bf5 13. Qc2 Bxd3 14. Qxd3 Nf5 15.
Be5 O-O 16. b4 a6 17. Rfb1 Nd7 18. Bf4 Bd6 19. Bxd6 Nxd6 20. a4 f5 21. b5 Qa5
22. Ne5 Nxe5 23. dxe5 Ne4 24. Nxe4 fxe4 25. Qd1 Qc7 26. bxc6 bxc6 27. Rc1 Rac8
28. Qe2 a5 29. Qe1 Rf5 30. e6 Re8 31. Rc5 Rxe6 32. Qxa5 Qf7 33. Qa8+ Kg7 34.
Rxc6 Rxf2 35. Rxe6 Rxg2+ 36. Kxg2 Qf3+ 1/2-1/2

[Event "XXVI Festival A"]
[Site "Porto San Giorgio ITA"]
[Date "2015.08.28"]
[Round "7"]
[White "Romanishin, Oleg M."]
[Black "Vezzosi, Paolo"]
[WhiteElo "2471"]
[BlackElo "2347"]
[Result "1-0"]
[PlyCount "91"]
[EventDate "2015.08.22"]

1. d4 Nf6 2. Nf3 e6 3. g3 b5 4. Bg5 Bb7 5. Bg2 c5 6. c3 Qb6 7. Bxf6 gxf6 8. O-O
Bg7 9. a4 a6 10. dxc5 Qxc5 11. b4 Qb6 12. Qd4 Qxd4 13. Nxd4 Bxg2 14. Kxg2 bxa4
15. Rxa4 Ke7 16. b5 Rc8 17. c4 f5 18. e3 Ra7 19. Nd2 d6 20. Rfa1 Kd7 21. R1a2
Bxd4 22. exd4 Rb7 23. bxa6 Ra7 24. d5 exd5 25. cxd5 Rc5 26. Rb4 Kc7 27. Rb7+
Rxb7 28. a7 Rxa7 29. Rxa7+ Kb6 30. Rxf7 f4 31. Rxf4 Rxd5 32. Nc4+ Kc6 33. Rf8
Nd7 34. Rc8+ Kb5 35. Ne3 Rc5 36. Rd8 Kc6 37. g4 d5 38. Nf5 Ne5 39. h3 Ng6 40.
Kg3 Rc3+ 41. f3 Rd3 42. Re8 d4 43. h4 Kd5 44. Ne7+ Kc4 45. Rc8+ Kb3 46. Nc6 1-0

[Event "XXVI Festival A"]
[Site "Porto San Giorgio ITA"]
[Date "2015.08.28"]
[Round "7"]
[White "Santinelli, Michele"]
[Black "Vincenzi, Marco"]
[WhiteElo "1934"]
[BlackElo "2083"]
[Result "0-1"]
[PlyCount "118"]
[EventDate "2015.08.22"]

1. d4 Nf6 2. Bg5 Ne4 3. Bf4 c5 4. f3 Qa5+ 5. c3 Nf6 6. d5 d6 7. Na3 g6 8. e4
Bg7 9. Qd2 a6 10. Nc4 Qd8 11. a4 Nbd7 12. Nh3 Nb6 13. Nf2 Nxc4 14. Bxc4 Bd7 15.
Qe2 O-O 16. O-O Qe8 17. a5 Bb5 18. Rfd1 Bxc4 19. Qxc4 Qb5 20. Qxb5 axb5 21. Nd3
Nd7 22. Bg5 Rfe8 23. Bf4 Ra6 24. Ra3 Rea8 25. Rda1 b6 26. e5 bxa5 27. b4 c4 28.
Nf2 dxe5 29. Bg5 Bf6 30. Bh6 a4 31. Ne4 Bg7 32. Bg5 Kf8 33. Rd1 h6 34. Be3 Nf6
35. d6 Nxe4 36. dxe7+ Kxe7 37. fxe4 Rd8 38. Bc5+ Ke8 39. Rd5 f5 40. Rxd8+ Kxd8
41. Kf2 Kd7 42. Ra2 Ke6 43. Kf3 Bf6 44. g3 Be7 45. Be3 h5 46. h3 Rd6 47. exf5+
gxf5 48. Rc2 Rd3 49. Kf2 Kd5 50. Bc1 h4 51. gxh4 Bxh4+ 52. Kg2 f4 53. Bb2 f3+
54. Kh2 e4 55. Bc1 e3 56. Bxe3 Rxe3 57. Rc1 Re2+ 58. Kh1 Re1+ 59. Kh2 Bg3+ 0-1

[Event "XXVI Festival A"]
[Site "Porto San Giorgio ITA"]
[Date "2015.08.28"]
[Round "7"]
[White "Trasciatti, Mirko"]
[Black "Begelman, Boris"]
[WhiteElo "1988"]
[BlackElo "2125"]
[Result "0-1"]
[PlyCount "54"]
[EventDate "2015.08.22"]

1. e4 c5 2. Bc4 e6 3. Nc3 a6 4. a4 Nc6 5. f4 g6 6. Nf3 Bg7 7. O-O Nge7 8. d3 d5
9. Bb3 O-O 10. Qe1 Nd4 11. Ne2 Nxb3 12. cxb3 Nc6 13. Bd2 Qb6 14. a5 Qb5 15. Nc1
Bxb2 16. Rb1 Bg7 17. f5 exf5 18. Qh4 dxe4 19. dxe4 Ne5 20. exf5 Bxf5 21. Ng5 h6
22. Nh3 Bxh3 23. Qxh3 Qd7 24. Qe3 Ng4 25. Qf3 Qxd2 26. Qxg4 Rae8 27. h3 Qc2 0-1

[Event "XXVI Festival A"]
[Site "Porto San Giorgio ITA"]
[Date "2015.08.29"]
[Round "8"]
[White "Aleksic, Nenad"]
[Black "Romanishin, Oleg M."]
[WhiteElo "2337"]
[BlackElo "2471"]
[Result "0-1"]
[PlyCount "84"]
[EventDate "2015.08.22"]

1. d4 Nf6 2. Nf3 g6 3. Bg5 Bg7 4. Nbd2 d5 5. e3 O-O 6. Bd3 c5 7. c3 Qb6 8. Rb1
Nc6 9. O-O e5 10. Nxe5 Nxe5 11. dxe5 Ng4 12. Nf3 Nxe5 13. Nxe5 Bxe5 14. Bc2 Bg7
15. Qd2 Be6 16. Bb3 h6 17. Bh4 g5 18. Bg3 Rad8 19. Rfd1 d4 20. Bxe6 dxc3 21.
Qc2 Qxe6 22. bxc3 Qc4 23. Bd6 Rfe8 24. Rxb7 Bf8 25. Bxf8 Qe4 26. Qe2 Rxd1+ 27.
Qxd1 Qxb7 28. Bxc5 Rb8 29. h4 Qb1 30. Qxb1 Rxb1+ 31. Kh2 Rb2 32. Bxa7 Rxa2 33.
Bd4 Rxf2 34. hxg5 hxg5 35. Kg3 Rf1 36. c4 Kh7 37. c5 Kg6 38. Be5 Kf5 39. Bd6
Rc1 40. Be7 Rc3 41. Kf3 g4+ 42. Kf2 Ke4 0-1

[Event "XXVI Festival A"]
[Site "Porto San Giorgio ITA"]
[Date "2015.08.29"]
[Round "8"]
[White "Begelman, Boris"]
[Black "Viviani, Alessio"]
[WhiteElo "2125"]
[BlackElo "2273"]
[Result "0-1"]
[PlyCount "44"]
[EventDate "2015.08.22"]

1. Nf3 Nf6 2. c4 g6 3. Nc3 d5 4. cxd5 Nxd5 5. Qb3 Nb6 6. d4 Bg7 7. e4 O-O 8.
Be3 a5 9. a4 Nc6 10. Rd1 Nb4 11. d5 Bd7 12. Bb5 c6 13. dxc6 bxc6 14. Bxb6 Qxb6
15. Rxd7 cxb5 16. axb5 Bxc3+ 17. bxc3 Qxb5 18. cxb4 Qxd7 19. O-O Rab8 20. Qe3
axb4 21. h4 b3 22. Qh6 f6 0-1

[Event "XXVI Festival A"]
[Site "Porto San Giorgio ITA"]
[Date "2015.08.29"]
[Round "8"]
[White "D'Alfonso, Nicola"]
[Black "Carnicelli, Valerio"]
[WhiteElo "2055"]
[BlackElo "2149"]
[Result "0-1"]
[PlyCount "68"]
[EventDate "2015.08.22"]

1. b3 e5 2. Bb2 Nc6 3. e3 d5 4. Nf3 Bd6 5. Bb5 Qe7 6. d4 e4 7. Nfd2 Qg5 8. Kf1
a6 9. Be2 Nce7 10. Qc1 Nf5 11. Ba3 Nh4 12. g3 Bh3+ 13. Ke1 Ng2+ 14. Kd1 Ne7 15.
c4 Bxa3 16. Qxa3 c6 17. Nc3 O-O 18. Kc2 Rfc8 19. Qc5 Qf6 20. Nd1 Rab8 21. Qb6
Qf5 22. c5 Qg5 23. Rg1 Nf5 24. Kb2 Nxd4 25. Bf1 Nf3 26. Nxf3 exf3 27. Qb4 b6
28. Bxa6 Rd8 29. cxb6 d4 30. exd4 Qf6 31. a4 Rxd4 32. Qc3 Rxb6 33. Bf1 Be6 34.
Kc1 Rxd1+ 0-1

[Event "XXVI Festival A"]
[Site "Porto San Giorgio ITA"]
[Date "2015.08.29"]
[Round "8"]
[White "De Carlo, Fabio"]
[Black "Trasciatti, Mirko"]
[WhiteElo "2014"]
[BlackElo "1988"]
[Result "1-0"]
[PlyCount "81"]
[EventDate "2015.08.22"]

1. e4 e6 2. f4 d5 3. e5 c5 4. Nf3 Nc6 5. c3 Qb6 6. Na3 Nh6 7. Nc2 c4 8. d3 cxd3
9. Bxd3 Bd7 10. b4 a6 11. Be3 Qc7 12. O-O Ng4 13. Bd2 f5 14. exf6 Nxf6 15. Qe2
Bd6 16. Ncd4 Qb6 17. Kh1 Nxd4 18. Nxd4 O-O 19. Nxe6 Rae8 20. Be3 d4 21. Nxf8
Bxf8 22. Bxd4 Qc7 23. Qc2 Bc6 24. Be5 Qd7 25. Rad1 Qh3 26. Bxf6 gxf6 27. Bc4+
Kh8 28. Bd5 Qg4 29. Bxc6 bxc6 30. h3 Qh5 31. Rfe1 Rb8 32. Qe4 c5 33. Rd5 Qh4
34. bxc5 Rb2 35. Rd8 Kg7 36. c6 Rxa2 37. Rxf8 Kxf8 38. Qe7+ Kg8 39. Rd1 Ra1 40.
Rxa1 Qxf4 41. Rd1 1-0

[Event "XXVI Festival A"]
[Site "Porto San Giorgio ITA"]
[Date "2015.08.29"]
[Round "8"]
[White "De Santis, Alessio"]
[Black "Giancotti, Eraldo"]
[WhiteElo "2291"]
[BlackElo "2083"]
[Result "1-0"]
[PlyCount "83"]
[EventDate "2015.08.22"]

1. d4 d6 2. Nf3 Nf6 3. c4 g6 4. Nc3 Bg7 5. e4 O-O 6. h3 e5 7. d5 Na6 8. Bd3 Nh5
9. Nd2 Nf4 10. Bf1 Qe8 11. g3 Nh5 12. Be2 Nf6 13. g4 Nc5 14. b4 Na6 15. a3 Qe7
16. Nf3 Nb8 17. Bg5 a5 18. b5 Nbd7 19. a4 Nc5 20. Nd2 h6 21. Bh4 Qd7 22. f3 Ne8
23. Nb3 b6 24. Nxc5 dxc5 25. Qd2 Nd6 26. O-O-O Re8 27. Rdg1 Bf8 28. Bd3 Kg7 29.
Kc2 Be7 30. Be1 Bg5 31. Qf2 Be7 32. Ne2 Qd8 33. h4 Bd7 34. Bc3 f6 35. f4 Nf7
36. g5 Bd6 37. gxf6+ Qxf6 38. f5 g5 39. Ng3 Kf8 40. Nh5 Qd8 41. hxg5 Nxg5 42.
Bd2 1-0

[Event "XXVI Festival A"]
[Site "Porto San Giorgio ITA"]
[Date "2015.08.29"]
[Round "8"]
[White "Dobboletta, Alex"]
[Black "Rotoni, Matteo"]
[WhiteElo "2078"]
[BlackElo "2118"]
[Result "1-0"]
[PlyCount "61"]
[EventDate "2015.08.22"]

1. d4 Nf6 2. c4 g6 3. Nc3 Bg7 4. Nf3 O-O 5. g3 d5 6. cxd5 Nxd5 7. Bg2 Nxc3 8.
bxc3 c5 9. O-O cxd4 10. Nxd4 Qc7 11. Qb3 Nc6 12. Nxc6 bxc6 13. Bf4 e5 14. Be3
Be6 15. Qa4 Bd5 16. Rad1 Bxg2 17. Kxg2 f5 18. Bc5 Rfd8 19. Qb3+ Qf7 20. Rxd8+
Rxd8 21. Bxa7 Ra8 22. Bc5 Qxb3 23. axb3 Ra2 24. Rd1 Rc2 25. Rd8+ Kf7 26. Rd7+
Kg8 27. c4 Rxe2 28. Rc7 Rb2 29. b4 Rc2 30. Rxc6 Rxc4 31. b5 1-0

[Event "XXVI Festival A"]
[Site "Porto San Giorgio ITA"]
[Date "2015.08.29"]
[Round "8"]
[White "Drasko, Milan"]
[Black "Gilevych, Artem"]
[WhiteElo "2439"]
[BlackElo "2409"]
[Result "1/2-1/2"]
[PlyCount "23"]
[EventDate "2015.08.22"]

1. Nf3 d5 2. g3 Nf6 3. Bg2 c6 4. O-O Bg4 5. d3 Nbd7 6. Qe1 e5 7. e4 dxe4 8.
dxe4 Bc5 9. Nbd2 O-O 10. h3 Bh5 11. a4 a5 12. Nc4 1/2-1/2

[Event "XXVI Festival A"]
[Site "Porto San Giorgio ITA"]
[Date "2015.08.29"]
[Round "8"]
[White "Marsili, Riccardo"]
[Black "Santinelli, Michele"]
[WhiteElo "2194"]
[BlackElo "1934"]
[Result "1/2-1/2"]
[PlyCount "79"]
[EventDate "2015.08.22"]

1. c4 e5 2. Nc3 Nc6 3. g3 f5 4. Bg2 Nf6 5. d3 Bc5 6. e3 O-O 7. Nge2 d6 8. O-O
Qe8 9. a3 a5 10. d4 Bb6 11. Nd5 Nxd5 12. cxd5 Ne7 13. dxe5 dxe5 14. Nc3 Bc5 15.
Qb3 Kh8 16. Bd2 Qg6 17. Rac1 b6 18. Nb5 c6 19. dxc6 Nxc6 20. Rfd1 a4 21. Qc3
Bb7 22. b4 axb3 23. Qxb3 Rfd8 24. Bb4 Bxb4 25. axb4 e4 26. Qb2 h6 27. Nc7 Ra4
28. b5 Rxd1+ 29. Rxd1 Na5 30. Bf1 Qf7 31. Qe5 Nc4 32. Bxc4 Rxc4 33. Rd8+ Kh7
34. Ne6 Rc1+ 35. Kg2 Bc8 36. Nf8+ Kg8 37. Nd7+ Kh7 38. Nxb6 Qh5 39. Rxc8 Qf3+
40. Kh3 1/2-1/2

[Event "XXVI Festival A"]
[Site "Porto San Giorgio ITA"]
[Date "2015.08.29"]
[Round "8"]
[White "Rinaudo, Sergio"]
[Black "Ciampi, Vincenzo"]
[WhiteElo "2087"]
[BlackElo "2008"]
[Result "1-0"]
[PlyCount "113"]
[EventDate "2015.08.22"]

1. d4 Nf6 2. Nf3 g6 3. Nbd2 Bg7 4. e4 d6 5. Bd3 O-O 6. O-O Nc6 7. c3 e5 8. dxe5
dxe5 9. Nc4 Nh5 10. Bg5 Qe8 11. Be3 b6 12. Re1 Bb7 13. Qc2 h6 14. Rad1 Qe6 15.
Bc1 Rad8 16. b3 Qf6 17. Ne3 Ne7 18. Ng4 Qe6 19. Nxh6+ Bxh6 20. Bxh6 Nf4 21.
Bxf4 exf4 22. h3 Qf6 23. e5 Qg7 24. Be4 Bc8 25. Rxd8 Rxd8 26. Rd1 Re8 27. Rd3
Qh6 28. Qd2 c5 29. Rd8 Rxd8 30. Qxd8+ Qf8 31. Qc7 Be6 32. Qxa7 Qd8 33. Kh2 Nc8
34. Qb8 Kg7 35. Bb7 g5 36. Bxc8 g4 37. Qd6 Qxc8 38. hxg4 Qh8+ 39. Kg1 Qh7 40.
Ng5 Qb1+ 41. Kh2 Qxa2 42. Nxe6+ fxe6 43. Qe7+ Kh8 44. Qf6+ Kh7 45. Qxf4 Qxb3
46. Qf7+ Kh8 47. g5 Qxc3 48. Qf6+ Kh7 49. g6+ Kh6 50. g7+ Kh7 51. f4 Qe1 52.
g8=Q+ Kxg8 53. Qxe6+ Kf8 54. Qf6+ Kg8 55. e6 Kh7 56. e7 c4 57. Qe5 1-0

[Event "XXVI Festival A"]
[Site "Porto San Giorgio ITA"]
[Date "2015.08.29"]
[Round "8"]
[White "Vezzosi, Paolo"]
[Black "Vincenzi, Marco"]
[WhiteElo "2347"]
[BlackElo "2083"]
[Result "1/2-1/2"]
[PlyCount "43"]
[EventDate "2015.08.22"]

1. c4 Nf6 2. Nf3 g6 3. Nc3 d5 4. cxd5 Nxd5 5. g3 Bg7 6. Bg2 O-O 7. O-O c5 8.
Nxd5 Qxd5 9. d3 Nc6 10. Be3 Bxb2 11. Rb1 Bf6 12. Nd4 Qxa2 13. Nxc6 bxc6 14.
Bxc6 Bh3 15. Bxa8 Rxa8 16. Re1 Bc3 17. f3 Bxe1 18. Qxe1 c4 19. Ra1 Qb3 20. Rb1
Qa2 21. Ra1 Qb3 22. Rb1 1/2-1/2

[Event "XXVI Festival A"]
[Site "Porto San Giorgio ITA"]
[Date "2015.08.30"]
[Round "9"]
[White "Baiocchi, Emanuele"]
[Black "Marsili, Riccardo"]
[WhiteElo "2011"]
[BlackElo "2194"]
[Result "0-1"]
[PlyCount "36"]
[EventDate "2015.08.22"]

1. e4 c5 2. Nf3 Nc6 3. d4 cxd4 4. Nxd4 g6 5. Nc3 Bg7 6. Be3 Nf6 7. f3 O-O 8.
Qd2 d5 9. O-O-O dxe4 10. Nxc6 Qxd2+ 11. Rxd2 bxc6 12. Nxe4 Nd5 13. Bg5 f6 14.
Bc4 e6 15. Bh4 Bh6 16. Bf2 Kg7 17. Kb1 f5 18. Bd4+ Kg8 0-1

[Event "XXVI Festival A"]
[Site "Porto San Giorgio ITA"]
[Date "2015.08.30"]
[Round "9"]
[White "Carnicelli, Valerio"]
[Black "Rotoni, Matteo"]
[WhiteElo "2149"]
[BlackElo "2118"]
[Result "1-0"]
[PlyCount "53"]
[EventDate "2015.08.22"]

1. e4 e6 2. d4 d5 3. Nc3 Bb4 4. e5 b6 5. a3 Bxc3+ 6. bxc3 Ne7 7. Qg4 O-O 8. Bd3
f6 9. Bh6 Ng6 10. Bxg6 gxh6 11. Bd3+ Kh8 12. Nf3 Nd7 13. Qh5 fxe5 14. dxe5 Nc5
15. Qxh6 Nxd3+ 16. cxd3 Ba6 17. Qe3 c5 18. O-O d4 19. cxd4 cxd4 20. Nxd4 Qd5
21. Rfd1 Rg8 22. f3 Bb7 23. Kf2 Raf8 24. Rac1 Rg4 25. Rc7 Rxd4 26. Rxb7 Ra4 27.
Qh6 1-0

[Event "XXVI Festival A"]
[Site "Porto San Giorgio ITA"]
[Date "2015.08.30"]
[Round "9"]
[White "Ciampi, Vincenzo"]
[Black "Lantini, Marco"]
[WhiteElo "2008"]
[BlackElo "2115"]
[Result "1/2-1/2"]
[PlyCount "42"]
[EventDate "2015.08.22"]

1. Nf3 d5 2. c4 c6 3. d4 Nf6 4. Nc3 g6 5. e3 Bg7 6. Bd3 O-O 7. h3 Nbd7 8. O-O
Qa5 9. Bd2 dxc4 10. Bxc4 e5 11. Ne4 Qc7 12. Nxf6+ Bxf6 13. dxe5 Nxe5 14. Nxe5
Qxe5 15. Bc3 Qe7 16. Qb3 Bxc3 17. Qxc3 Be6 18. Rfd1 Rfd8 19. Qe5 Qe8 20. Bxe6
Qxe6 21. Qxe6 fxe6 1/2-1/2

[Event "XXVI Festival A"]
[Site "Porto San Giorgio ITA"]
[Date "2015.08.30"]
[Round "9"]
[White "Drasko, Milan"]
[Black "De Santis, Alessio"]
[WhiteElo "2439"]
[BlackElo "2291"]
[Result "1/2-1/2"]
[PlyCount "49"]
[EventDate "2015.08.22"]

1. Nf3 d5 2. g3 Nc6 3. d4 Bg4 4. Bg2 Qd7 5. c3 e6 6. Nbd2 f5 7. b4 a6 8. a4 Bd6
9. Nb3 Bxf3 10. exf3 b6 11. Qe2 Nf6 12. O-O O-O 13. Re1 Rfe8 14. Bg5 Kf7 15.
Bxf6 Kxf6 16. f4 g6 17. Qd3 h6 18. Re3 Re7 19. Nd2 g5 20. fxg5+ hxg5 21. Qe2 g4
22. f4 Nd8 23. Nb3 c6 24. Re1 Nb7 25. Bf1 1/2-1/2

[Event "XXVI Festival A"]
[Site "Porto San Giorgio ITA"]
[Date "2015.08.30"]
[Round "9"]
[White "Giancotti, Eraldo"]
[Black "Aleksic, Nenad"]
[WhiteElo "2083"]
[BlackElo "2337"]
[Result "1/2-1/2"]
[PlyCount "46"]
[EventDate "2015.08.22"]

1. d4 b6 2. Nf3 Nf6 3. g3 Bb7 4. Bg2 e6 5. O-O Be7 6. c4 O-O 7. Nc3 Ne4 8. Nxe4
Bxe4 9. Ne1 Bxg2 10. Nxg2 d6 11. e4 Nd7 12. Be3 Nf6 13. Qd3 c5 14. f3 Qc7 15.
d5 exd5 16. exd5 Nd7 17. Rae1 Bf6 18. b3 a6 19. f4 Rab8 20. g4 g6 21. g5 Bg7
22. Bd2 b5 23. Bc3 bxc4 1/2-1/2

[Event "XXVI Festival A"]
[Site "Porto San Giorgio ITA"]
[Date "2015.08.30"]
[Round "9"]
[White "Romanishin, Oleg M."]
[Black "Gilevych, Artem"]
[WhiteElo "2471"]
[BlackElo "2409"]
[Result "1-0"]
[PlyCount "109"]
[EventDate "2015.08.22"]

1. Nf3 d5 2. g3 Bg4 3. Bg2 Nd7 4. c4 e6 5. Qa4 c6 6. cxd5 Bxf3 7. Bxf3 exd5 8.
d4 Bd6 9. Qb3 Rb8 10. Qe3+ Be7 11. Qd3 Bd6 12. e4 dxe4 13. Qxe4+ Qe7 14. Nc3
Qxe4+ 15. Nxe4 Bb4+ 16. Ke2 Ngf6 17. Bf4 Rd8 18. Bc7 Rc8 19. Nd6+ Bxd6 20. Bxd6
Nf8 21. Be5 Ne6 22. Bxf6 gxf6 23. Rhd1 Ke7 24. Rac1 Nc7 25. Rc5 Rcd8 26. d5
Nxd5 27. Bxd5 cxd5 28. Rcxd5 Rxd5 29. Rxd5 Ke6 30. Ra5 a6 31. Rh5 f5 32. Ke3 b5
33. Rh4 f6 34. Kd3 Rd8+ 35. Kc3 Rd7 36. a4 Ke5 37. axb5 axb5 38. b3 Ke6 39. Kb4
Rd2 40. Kxb5 Rxf2 41. b4 f4 42. gxf4 f5 43. Kc6 Rc2+ 44. Kb6 Kd5 45. b5 Rc4 46.
Kb7 Rb4 47. b6 Kc5 48. Rh6 Kb5 49. Rxh7 Rxf4 50. Rf7 Ka5 51. Ka7 Kb5 52. b7
Ra4+ 53. Kb8 Kc6 54. Kc8 Rh4 55. Rf6+ 1-0

[Event "XXVI Festival A"]
[Site "Porto San Giorgio ITA"]
[Date "2015.08.30"]
[Round "9"]
[White "Santinelli, Michele"]
[Black "De Carlo, Fabio"]
[WhiteElo "1934"]
[BlackElo "2014"]
[Result "1/2-1/2"]
[PlyCount "105"]
[EventDate "2015.08.22"]

1. d4 Nf6 2. Bf4 g6 3. Nd2 d6 4. h3 Bg7 5. Ngf3 O-O 6. e3 b6 7. Be2 Bb7 8. c3
Nbd7 9. O-O Qe8 10. Bb5 c6 11. Ba4 e5 12. Bh2 Qe7 13. dxe5 dxe5 14. e4 Rad8 15.
Qc2 Nh5 16. b4 Nf4 17. Rfe1 b5 18. Bb3 c5 19. c4 bxc4 20. Nxc4 cxb4 21. Rad1
Nc5 22. Nd6 Nxb3 23. Qxb3 Rxd6 24. Qxb4 Rfd8 25. Rxd6 Rxd6 26. Bxf4 exf4 27. e5
Rd7 28. Qxf4 Bxf3 29. Qxf3 Bxe5 30. Qa8+ Rd8 31. Rxe5 Qxe5 32. Qxd8+ Kg7 33.
Qd2 a5 34. f4 Qc5+ 35. Kh2 a4 36. Qb2+ f6 37. Qb7+ Kh6 38. Qf7 f5 39. Qf6 Qc4
40. Qg5+ Kg7 41. Qe7+ Qf7 42. Qe5+ Kh6 43. a3 Qb3 44. Qe7 Qc4 45. Kg3 Qd4 46.
Qf8+ Kh5 47. Qe7 Qd3+ 48. Kh2 h6 49. Qe5 g5 50. Qe8+ Kh4 51. Qe1+ Kh5 52. Qe8+
Kh4 53. Qe1+ 1/2-1/2

[Event "XXVI Festival A"]
[Site "Porto San Giorgio ITA"]
[Date "2015.08.30"]
[Round "9"]
[White "Vezzosi, Paolo"]
[Black "Dobboletta, Alex"]
[WhiteElo "2347"]
[BlackElo "2078"]
[Result "1-0"]
[PlyCount "33"]
[EventDate "2015.08.22"]

1. d4 Nf6 2. Nf3 g6 3. c4 Bg7 4. Nc3 O-O 5. e4 d6 6. Be2 e5 7. Be3 Nbd7 8. O-O
Re8 9. d5 Ng4 10. Bd2 f5 11. Ng5 Nf8 12. exf5 gxf5 13. Bxg4 fxg4 14. f3 h6 15.
Nge4 a6 16. fxg4 Nh7 17. g5 1-0

[Event "XXVI Festival A"]
[Site "Porto San Giorgio ITA"]
[Date "2015.08.30"]
[Round "9"]
[White "Vincenzi, Marco"]
[Black "Begelman, Boris"]
[WhiteElo "2083"]
[BlackElo "2125"]
[Result "0-1"]
[PlyCount "102"]
[EventDate "2015.08.22"]

1. d4 Nf6 2. c4 e6 3. Nf3 Bb4+ 4. Bd2 Qe7 5. Nc3 Bxc3 6. Bxc3 Ne4 7. Rc1 O-O 8.
g3 d6 9. Bg2 Nc6 10. O-O Nxc3 11. Rxc3 e5 12. d5 Nb8 13. Qd2 a5 14. c5 Na6 15.
cxd6 cxd6 16. Qe3 Nb4 17. Nd2 Nxa2 18. Rb3 Nb4 19. Rc1 b5 20. Qb6 Qd8 21. Rc7
Bg4 22. e4 Be2 23. Rbc3 a4 24. Qe3 Na6 25. R7c6 b4 26. Rc1 Bb5 27. Rb6 Rb8 28.
Rxb8 Qxb8 29. Bh3 h6 30. Nf3 Nc5 31. Nh4 Nb3 32. Nf5 Kh7 33. Rd1 Bd7 34. f4
Bxf5 35. Bxf5+ g6 36. Bd7 Nc5 37. Bc6 f6 38. Ra1 a3 39. bxa3 b3 40. Rb1 Qb6 41.
Kg2 Rb8 42. fxe5 fxe5 43. a4 Qb4 44. Bb5 Rf8 45. Rb2 Kg7 46. h4 Qa3 47. Rf2
Rxf2+ 48. Qxf2 Qa2 49. Bc4 Qxf2+ 50. Kxf2 b2 51. Ba2 Nxa4 0-1

[Event "XXVI Festival A"]
[Site "Porto San Giorgio ITA"]
[Date "2015.08.30"]
[Round "9"]
[White "Viviani, Alessio"]
[Black "Rinaudo, Sergio"]
[WhiteElo "2273"]
[BlackElo "2087"]
[Result "1-0"]
[PlyCount "63"]
[EventDate "2015.08.22"]

1. c4 e5 2. g3 Nf6 3. Bg2 Nc6 4. Nc3 Bb4 5. Nd5 a5 6. e3 O-O 7. Ne2 Re8 8. O-O
Bf8 9. d4 d6 10. h3 Nb4 11. Bd2 exd4 12. Nxd4 Nbxd5 13. cxd5 Ne4 14. Qc2 Nc5
15. b3 g6 16. Bc3 Bg7 17. e4 Bd7 18. Rad1 Qg5 19. Rfe1 b6 20. Nf3 Qd8 21. Bxg7
Kxg7 22. e5 Rc8 23. Kh2 Kg8 24. Qc4 dxe5 25. Nxe5 f6 26. Nc6 Rxe1 27. Nxd8 Rxd1
28. d6+ Kh8 29. Qf7 Rxd8 30. Qxf6+ Kg8 31. Qxd8+ Kg7 32. dxc7 1-0